El Segle del jazz / a cura de Daniel Soutif
ISBN:
978-84-9803-318-2
Descripción Física:
343 p. : il. col. ; 24 cm + 1 llibre (80 p.)
MARC
| LEADER | 00000nam a2200000Ia 4500 | ||
|---|---|---|---|
| 001 | 22192 | ||
| 008 | 160829s2009 xx 000 0 cat d | ||
| 020 | |a 978-84-9803-318-2 | ||
| 080 | |a B-2-203 | ||
| 100 | |a Soutif, Daniel |9 38317 | ||
| 245 | |a El Segle del jazz / a cura de Daniel Soutif | ||
| 260 | |a Barcelona : |b Diputació de Barcelona, Centre de Cultura Contemporània de Barcelona, |c 2009 | ||
| 300 | |a 343 p. : |b il. col. ; |c 24 cm + 1 llibre (80 p.) | ||
| 590 | |a Catàleg de l'exposició presentat al CCCB entre el 21 de juliol i el 18 d'octubre de 2009. | ||
| 590 | |a El llibre és la traducció en castellà, que porta el títol: El siglo del jazz | ||
| 650 | |a Art i música |x Exposicions |9 38318 | ||
| 650 | |a Jazz |x Exposicions |9 38319 | ||
| 710 | 2 | |a Centre de Cultura Contemporània de Barcelona |9 52510 | |
| 710 | 1 | |a Barcelona (Catalunya : Província). |b Diputació |9 52408 | |
| 901 | |a Arxiu | ||
| 942 | |n 1 | ||
| 952 | |0 0 |1 0 |4 0 |6 B2203 |7 1 |9 48369 |a Arxiu |b Arxiu |d 2016-12-01 |l 0 |o B-2-203 |p 22192 |r 2016-12-01 00:00:00 |w 2016-12-01 |y ARXIU | ||
| 999 | |c 52175 |d 52175 | ||